[Event "POL-chT U26 rapid"]
[Site "Hucisko"]
[Date "2016.01.17"]
[Round "9.20"]
[White "Sadzikowski, Daniel"]
[Black "Matuszewski, Michal"]
[Result "1-0"]
[WhiteElo "2534"]
[BlackElo "2468"]
[PlyCount "127"]
[EventDate "2016.01.16"]
[EventType "team-swiss (rapid)"]
[EventRounds "9"]
[EventCountry "POL"]
[SourceTitle "CBM 170 Extra"]
[Source "ChessBase"]
[SourceDate "2016.02.25"]
[SourceVersion "1"]
[SourceVersionDate "2016.02.25"]
[SourceQuality "1"]
[WhiteTeam "Krakow AGH"]
[BlackTeam "Krakow UJ"]
[WhiteTeamCountry "POL"]
[BlackTeamCountry "POL"]

1. Nf3 d5 2. g3 Nf6 3. Bg2 c6 4. c4 e6 5. 0-0 Bd6 6. d4 a6 7. Nc3 Nbd7 8. Nd2 b5 9. e4 bxc4 10. e5 Bxe5 11. dxe5 Nxe5 12. Qe2 Nfd7 13. f4 Qb6+ 14. Kh1 Nd3 15. b3 Qd4 16. Ndb1 cxb3 17. axb3 Nxc1 18. Rxc1 0-0 19. Nd2 a5 20. Nf3 Qb4 21. Qc2 Ba6 22. Na4 Bb5 23. Nc5 Nf6 24. Ne5 h5 25. Qc3 h4 26. Qxb4 axb4 27. Kg1 Rfd8 28. Bf1 hxg3 29. hxg3 Ra3 30. Rxa3 bxa3 31. Ra1 Ra8 32. Ra2 d4 33. Nc4 Bxc4 34. Bxc4 Nd5 35. Bxd5 cxd5 36. Kf2 Rc8 37. b4 Rb8 38. Nd3 Ra8 39. Ne1 Ra4 40. Nc2 d3 41. Ne3 d4 42. Nd1 f6 43. Kf3 Kf7 44. Ke4 Rxb4 45. Rxa3 d2 46. Rd3 f5+ 47. Kf3 Kf6 48. Rxd2 g5 49. Nf2 gxf4 50. gxf4 Rb3+ 51. Nd3 Ra3 52. Ke2 Ra4 53. Rc2 Ra3 54. Rc4 Ra2+ 55. Kf3 Ra3 56. Rxd4 Rb3 57. Ke3 Ra3 58. Rd7 Rb3 59. Ra7 Kg6 60. Kd4 Kh5 61. Rg7 Rb5 62. Re7 Rd5+ 63. Ke3 Rd6 64. Ne5 1-0

[Event "POL-chT U26 rapid"]
[Site "Hucisko"]
[Date "2016.01.16"]
[Round "3.14"]
[White "Matuszewski, Michal"]
[Black "Luch, Michal"]
[Result "1-0"]
[WhiteElo "2468"]
[BlackElo "2446"]
[PlyCount "55"]
[EventDate "2016.01.16"]
[EventType "team-swiss (rapid)"]
[EventRounds "9"]
[EventCountry "POL"]
[SourceTitle "CBM 170 Extra"]
[Source "ChessBase"]
[SourceDate "2016.02.25"]
[SourceVersion "1"]
[SourceVersionDate "2016.02.25"]
[SourceQuality "1"]
[WhiteTeam "Krakow UJ"]
[BlackTeam "Warsaw UW"]
[WhiteTeamCountry "POL"]
[BlackTeamCountry "POL"]

1. d4 Nf6 2. Nf3 d5 3. Bg5 Ne4 4. Bh4 c5 5. c3 Qb6 6. Qb3 c4 7. Qxb6 axb6 8. Nbd2 Bf5 9. Nxe4 Bxe4 10. Nd2 Bg6 11. e4 e6 12. a3 b5 13. exd5 exd5 14. Rd1 Nc6 15. Be2 Be7 16. Bg3 Bf5 17. Bf3 Be6 18. Nf1 0-0 19. Ne3 Rfd8 20. 0-0 f6 21. Rfe1 Kf7 22. Re2 Rd7 23. Rde1 Nd8 24. Bxd5 Ra6 25. Bf3 Kf8 26. d5 Bf7 27. Bg4 Rdd6 28. Nf5 1-0

[Event "POL-chT"]
[Site "Poland"]
[Date "2015.10.04"]
[Round "9.1"]
[White "Nasuta, Grzegorz"]
[Black "Matuszewski, Michal"]
[Result "1/2-1/2"]
[WhiteElo "2345"]
[BlackElo "2463"]
[PlyCount "61"]
[EventDate "2015.05.08"]
[EventType "team-tourn"]
[EventRounds "9"]
[EventCountry "POL"]
[SourceTitle "EXT 2017"]
[Source "ChessBase"]
[SourceDate "2016.10.25"]
[SourceVersion "1"]
[SourceVersionDate "2016.10.25"]
[SourceQuality "1"]
[WhiteTeam "Chrobry Gniezno "]
[BlackTeam "Krakow Wisla"]
[WhiteTeamCountry "POL"]
[BlackTeamCountry "POL"]

1. e4 c5 2. Nf3 d6 3. d4 cxd4 4. Nxd4 Nf6 5. Nc3 a6 6. f3 e5 7. Nb3 Be6 8. Be3 Be7 9. Qd2 0-0 10. 0-0-0 Nbd7 11. g4 b5 12. g5 b4 13. gxf6 bxc3 14. Qxc3 Nxf6 15. Na5 Rc8 16. Nc6 Qc7 17. Nxe7+ Qxe7 18. Qa5 Rc6 19. Kb1 Rfc8 20. b3 Nh5 21. Bd3 Qf6 22. Rhf1 Nf4 23. Rf2 Nh3 24. Rff1 h6 25. Qa4 Bd7 26. Bc4 Nf4 27. Rf2 Nh3 28. Rff1 Nf4 29. Rf2 Nh3 30. Rff1 Nf4 31. Rf2 1/2-1/2